000 00304nam a2200121Ia 4500
008 190216s9999||||xx |||||||||||||| ||und||
100 _aErnest L Eliel
245 0 _aStereo Chemistry Of Carbon Compunds
260 _bTata Mcgrawhill Publishers
_c1958
300 _a486p
650 _aChemistry
942 _cBK
999 _c2051
_d2051